[Event "1st Asia-ch"]
[Site "Teheran IRI"]
[Date "1998.08.23"]
[Round "8"]
[White "De Silva, Nirosh"]
[Black "Ismail, Ahmad"]
[Result "1-0"]
[WhiteElo "2025"]
[BlackElo "2040"]
[EventDate "1998.08.14"]
[PlyCount "119"]

1.e4 c5 2.Nf3 Nc6 3.d4 cxd4 4.Nxd4 e5 5.Nb5 d6 6.N1c3 a6 7.Na3 b5 8.Nd5 
Nge7 9.Bg5 h6 10.Bh4 Be6 11.c3 Rb8 12.Qd2 f5 13.f3 g5 14.Bf2 Bg7 15.h4 g4 
16.fxg4 fxe4 17.Nxe7 Qxe7 18.Be2 d5 19.Nc2 d4 20.cxd4 exd4 21.Qf4 Bf7 22.
Nxd4 Rc8 23.Rc1 Qb4+ 24.Qd2 Qxd2+ 25.Kxd2 Bxd4 26.Bxd4 O-O 27.Be3 Rcd8+ 
28.Ke1 Nd4 29.Bxh6 Nxe2 30.Kxe2 Rfe8 31.Rhd1 Bc4+ 32.Ke3 Rxd1 33.Rxd1 a5 
34.b3 Bd3 35.h5 Rc8 36.Bf4 Rc2 37.Rd2 Rxd2 38.Kxd2 Bb1 39.a4 bxa4 40.bxa4 
Ba2 41.g5 Be6 42.Bc7 Bg4 43.h6 Kh7 44.Kc2 Bf5 45.Bxa5 Kg6 46.Bd8 e3+ 47.
Kc3 Be4 48.a5 e2 49.Kd2 Bd3 50.Ke1 Ba6 51.Kf2 Bd3 52.Bf6 Ba6 53.Bc3 Bc4 
54.Bd2 Ba6 55.Ke3 Bb5 56.Kd4 Ba6 57.Kc5 Bb7 58.Kb6 Bxg2 59.a6 Be4 60.a7 
1-0

[Event "1st Asia-ch"]
[Site "Teheran IRI"]
[Date "1998.08.23"]
[Round "8"]
[White "Kakageldiev, Amanmurad"]
[Black "Thipsay, Praveen Mahadeo"]
[Result "1/2-1/2"]
[WhiteElo "2475"]
[BlackElo "2450"]
[EventDate "1998.08.14"]
[PlyCount "84"]

1.d4 Nf6 2.Nf3 g6 3.c3 Bg7 4.Bg5 O-O 5.Nbd2 d6 6.e4 c5 7.dxc5 dxc5 8.Bc4 
Nc6 9.O-O Qc7 10.Qe2 h6 11.Bxf6 exf6 12.Nh4 Ne7 13.f4 Kh8 14.f5 g5 15.Nhf3
Bd7 16.Nxg5 fxg5 17.f6 Ng6 18.fxg7+ Kxg7 19.Qf2 f5 20.exf5 Bxf5 21.Rfe1 
Rad8 22.Qe3 Qf4 23.Qxf4 Nxf4 24.Nf1 Rfe8 25.Rxe8 Rxe8 26.Rd1 Be4 27.Rd7+ 
Kh8 28.Rd2 Bc6 29.Ng3 Re5 30.Bf1 h5 31.Ne2 Nd5 32.c4 Ne3 33.Nc3 Nxf1 34.
Kxf1 Kg7 35.g3 Kf6 36.Kf2 Kf5 37.b3 h4 38.gxh4 gxh4 39.Rd8 Re6 40.Rh8 Kg5 
41.Nd5 Re4 42.a3 Bxd5 1/2-1/2

[Event "1st Asia-ch"]
[Site "Teheran IRI"]
[Date "1998.08.23"]
[Round "8"]
[White "Khamdamov, Sukhrob"]
[Black "Djao Thien Hai"]
[Result "0-1"]
[WhiteElo "2140"]
[BlackElo "2580"]
[EventDate "1998.08.14"]
[PlyCount "82"]

1.d4 f5 2.Nf3 Nf6 3.g3 g6 4.Bg2 Bg7 5.c3 O-O 6.Qb3+ e6 7.h4 c5 8.dxc5 Na6 
9.Qc4 b6 10.cxb6 axb6 11.Bg5 Nc5 12.h5 gxh5 13.Nbd2 Ra4 14.b4 h6 15.Be3 
Nd5 16.Bxc5 bxc5 17.Qb3 Nxc3 18.bxc5 Qa5 19.Qb6 Nxa2 20.Rb1 Nc3 21.Rc1 Ba6
22.Nb3 Qxb6 23.cxb6 Ra2 24.Nfd2 Rb8 25.Nc5 Rxb6 26.Nxa6 Rbxa6 27.Bf3 Rb6 
28.Nc4 Rb4 29.Ne3 Rb1 30.Rxb1 Nxb1 31.Nxf5 Bc3+ 32.Kf1 Nd2+ 33.Kg2 Nxf3 
34.Kxf3 exf5 35.Rxh5 Ra6 36.Rxf5 Rf6 37.Ke4 Rxf5 38.Kxf5 Be1 39.Kg6 Bxf2 
40.Kxh6 Bxg3 41.Kg6 Kf8 0-1

[Event "1st Asia-ch"]
[Site "Teheran IRI"]
[Date "1998.08.23"]
[Round "8"]
[White "Saravanan, Venkat"]
[Black "Kasimdzhanov, Rustam"]
[Result "0-1"]
[WhiteElo "2390"]
[BlackElo "2570"]
[EventDate "1998.08.14"]
[PlyCount "100"]

1.e4 g6 2.d4 Bg7 3.Nc3 c6 4.Bc4 d6 5.Qf3 e6 6.Nge2 Nd7 7.O-O Ngf6 8.Bb3 
O-O 9.Bg5 h6 10.Bh4 Qc7 11.Rad1 b5 12.h3 Bb7 13.Bg3 e5 14.d5 b4 15.dxc6 
Bxc6 16.Nd5 Nxd5 17.Bxd5 Bxd5 18.Rxd5 Qxc2 19.Rxd6 Nb6 20.Rfd1 Qxb2 21.
R6d2 Qa3 22.Qxa3 bxa3 23.Rd3 Nc4 24.Rc1 Rfc8 25.f3 f5 26.exf5 gxf5 27.Rdc3
Nb6 28.Rxa3 Rxc1+ 29.Nxc1 Rd8 30.Rd3 Rc8 31.Nb3 e4 32.fxe4 fxe4 33.Rd1 e3 
34.Bf4 Re8 35.Nc1 Na4 36.Re1 Bc3 37.Re2 Bd2 38.Nb3 Nc3 39.Kf1 Kh7 40.Nxd2 
Nxe2 41.Kxe2 exd2+ 42.Kxd2 Re4 43.Be3 Ra4 44.g4 a5 45.Kc2 Rxa2+ 46.Kb3 Rh2
47.Ka4 Rxh3 48.Bd2 Rh4 49.Bxa5 Rxg4+ 50.Kb3 h5 0-1

[Event "1st Asia-ch"]
[Site "Teheran IRI"]
[Date "1998.08.25"]
[Round "9"]
[White "Al-Modiahki, Mohamad"]
[Black "Barua, Dibyendu"]
[Result "0-1"]
[WhiteElo "2505"]
[BlackElo "2540"]
[EventDate "1998.08.14"]
[PlyCount "104"]

1.e4 e5 2.Nf3 Nf6 3.Nc3 d6 4.d4 Nbd7 5.Bc4 Be7 6.O-O O-O 7.Re1 c6 8.a4 Qc7
9.h3 b6 10.Bg5 a6 11.d5 Bb7 12.dxc6 Bxc6 13.Qe2 h6 14.Bxf6 Nxf6 15.Qd3 Qb7
16.Nh2 Kh8 17.Ng4 Nxe4 18.Nxe4 d5 19.Nxe5 dxc4 20.Qxc4 Bd5 21.Qe2 Rae8 22.
Qg4 Bb4 23.Nc3 Bxc3 24.bxc3 Qc7 25.Qd7 Qc5 26.Nd3 Rxe1+ 27.Rxe1 Qc6 28.Re7
Qf6 29.Re8 Rxe8 30.Qxe8+ Kh7 31.Qe5 Qd8 32.c4 Bb7 33.c5 bxc5 34.Qxc5 Qf6 
35.Kh2 Be4 36.Qe5 Qc6 37.Nb4 Qb7 38.f3 Bxf3 39.gxf3 Qxb4 40.Qe4+ Qxe4 41.
fxe4 Kg6 42.Kg3 Kf6 43.Kf3 Ke5 44.Ke3 g5 45.c4 Kd6 46.Kd4 f6 47.a5 h5 48.
c5+ Ke6 49.Ke3 Kd7 50.Kd4 h4 51.e5 fxe5+ 52.Ke4 g4 0-1

[Event "1st Asia-ch"]
[Site "Teheran IRI"]
[Date "1998.08.25"]
[Round "9"]
[White "Bagheri, Amir"]
[Black "Azahari, Mohd Nor"]
[Result "1-0"]
[WhiteElo "2405"]
[BlackElo "2140"]
[EventDate "1998.08.14"]
[PlyCount "85"]

1.e4 Nc6 2.Nf3 e5 3.Bb5 a6 4.Ba4 d6 5.O-O Bg4 6.h3 Bxf3 7.Qxf3 Qf6 8.Qd1 
Ne7 9.Nc3 b5 10.Bb3 Nd4 11.d3 g5 12.Be3 Bh6 13.Qh5 Qg6 14.Qg4 c6 15.Bxd4 
exd4 16.Ne2 c5 17.a4 b4 18.Ng3 O-O 19.Rae1 Ra7 20.Nf5 Bg7 21.h4 gxh4 22.
Qh3 Kh8 23.Nxh4 Qh6 24.Qh2 Bf6 25.Nf3 Qxh2+ 26.Nxh2 Ng6 27.g3 Bg7 28.f4 a5
29.Kg2 Re7 30.g4 f6 31.Rf2 h6 32.Rh1 Kh7 33.Nf1 Rd7 34.Be6 Rdd8 35.Bf5 Rh8
36.Nd2 Bf8 37.Nc4 Kg7 38.b3 Ra8 39.Kg3 Be7 40.Rfh2 Ra6 41.Rh5 Nf8 42.Kf3 
Bd8 43.Bc8 1-0

[Event "1st Asia-ch"]
[Site "Teheran IRI"]
[Date "1998.08.25"]
[Round "9"]
[White "Djao Thien Hai"]
[Black "Kakageldiev, Amanmurad"]
[Result "1-0"]
[WhiteElo "2580"]
[BlackElo "2475"]
[EventDate "1998.08.14"]
[PlyCount "63"]

1.d4 g6 2.c4 Bg7 3.e4 d6 4.Nc3 Nc6 5.Be3 e5 6.d5 Nce7 7.Qd2 f5 8.f3 Nf6 9.
Bd3 O-O 10.Nge2 c6 11.h3 cxd5 12.cxd5 h5 13.O-O-O a6 14.Kb1 b5 15.Nc1 Bd7 
16.Rdg1 b4 17.Nd1 Rb8 18.g4 hxg4 19.hxg4 f4 20.Bf2 a5 21.Bh4 Kf7 22.Nf2 
Rh8 23.Ne2 Qb6 24.Nh3 Nh7 25.Bf2 Qb7 26.Nhxf4 exf4 27.Qxf4+ Ke8 28.Qxd6 b3
29.a4 Nf8 30.Rxh8 Bxh8 31.Bc5 Bxa4 32.Ba6 1-0

[Event "1st Asia-ch"]
[Site "Teheran IRI"]
[Date "1998.08.25"]
[Round "9"]
[White "Mallahi, Amir"]
[Black "De Silva, Nirosh"]
[Result "1-0"]
[WhiteElo "2370"]
[BlackElo "2025"]
[EventDate "1998.08.14"]
[PlyCount "173"]

1.e4 e5 2.Nc3 Nf6 3.f4 d5 4.fxe5 Nxe4 5.Nf3 Be7 6.Qe2 f5 7.d3 Nxc3 8.bxc3 
c5 9.Bf4 d4 10.Qd2 Nc6 11.Be2 O-O 12.O-O h6 13.h3 g5 14.Bg3 Be6 15.Bf2 Kg7
16.cxd4 cxd4 17.c3 dxc3 18.Qxc3 g4 19.hxg4 fxg4 20.Nd2 Bb4 21.Qb2 Rxf2 22.
Rxf2 Bxd2 23.Bxg4 Be3 24.Bxe6 Qb6 25.Qxb6 axb6 26.Kf1 Bxf2 27.Kxf2 Nxe5 
28.d4 Kf6 29.Bb3 Nc6 30.Ke3 Re8+ 31.Kd3 Rd8 32.Rf1+ Kg5 33.d5 Ne7 34.Ke4 
Re8 35.Kd3 Nf5 36.Rf3 h5 37.Rf2 h4 38.Bd1 Nd6 39.Rb2 b5 40.Rb4 Ra8 41.Kd4 
Rxa2 42.Kc5 Nc4 43.Kxb5 Ne5 44.Re4 Kf5 45.Rxh4 Rxg2 46.Kb6 Rd2 47.Bb3 Nd7+
48.Kc7 Nf6 49.Kd6 Nxd5 50.Bxd5 Rb2 51.Be6+ Kf6 52.Rf4+ Kg5 53.Rg4+ Kf6 54.
Rf4+ Kg5 55.Rf5+ Kg6 56.Rf1 Rd2+ 57.Ke7 Kg5 58.Rb1 Kf4 59.Kf6 Rd4 60.Rxb7 
Ra4 61.Rh7 Rd4 62.Rh5 Re4 63.Bd5 Rd4 64.Rf5+ Kg4 65.Ke6 Rf4 66.Re5 Rf8 67.
Ke7 Rf1 68.Re2 Kf5 69.Be6+ Kf4 70.Kf6 Rd1 71.Rh2 Rd4 72.Rh5 Re4 73.Bd5 Rd4
74.Ke6 Kg4 75.Rh8 Rd2 76.Ke5 Kg3 77.Rf8 Re2+ 78.Be4 Rd2 79.Rg8+ Kf2 80.Kf4
Rd7 81.Rg2+ Kf1 82.Ke3 Ra7 83.Rg6 Re7 84.Rg8 Re5 85.Ra8 Kg1 86.Ra1+ Kh2 
87.Kf4 1-0

[Event "1st Asia-ch"]
[Site "Teheran IRI"]
[Date "1998.08.25"]
[Round "9"]
[White "Mansour, Samir"]
[Black "Saravanan, Venkat"]
[Result "0-1"]
[WhiteElo "2280"]
[BlackElo "2390"]
[EventDate "1998.08.14"]
[PlyCount "144"]

1.Nf3 g6 2.c4 Bg7 3.g3 e5 4.Nc3 Nc6 5.Bg2 f5 6.d3 d6 7.O-O Nf6 8.Rb1 a5 9.
d4 e4 10.Ng5 h6 11.Nh3 O-O 12.f3 exf3 13.exf3 Re8 14.d5 Ne5 15.b3 c6 16.
Re1 Bd7 17.Be3 Neg4 18.fxg4 Rxe3 19.Rxe3 Qb6 20.Kh1 Qxe3 21.dxc6 bxc6 22.
g5 Qxc3 23.gxf6 Qxf6 24.Nf4 Re8 25.Qd2 g5 26.Ne2 Qe5 27.Ng1 f4 28.gxf4 
Qxf4 29.Qxf4 gxf4 30.Bf3 c5 31.Rd1 Be5 32.Kg2 a4 33.bxa4 Rb8 34.Bd5+ Kf8 
35.Nf3 Bc3 36.Nh4 Rb2+ 37.Kf3 Rxh2 38.Ng6+ Ke8 39.Nxf4 Rxa2 40.Rh1 Bd2 41.
Nh5 Ra3+ 42.Kg2 Kd8 43.Nf6 Bxa4 44.Ne4 Bf4 45.Rh4 Ra2+ 46.Kf3 Bc1 47.Nxd6 
Kc7 48.Ne4 Bd1+ 49.Kg3 Ra3+ 50.Kg2 Kb6 51.Nf2 Be2 52.Rh1 Bf4 53.Rb1+ Kc7 
54.Ne4 Bf3+ 55.Kf2 Be5 56.Rb7+ Kd8 57.Nd2 Bxd5 58.cxd5 Rd3 59.Ne4 Rxd5 60.
Rb5 Bd4+ 61.Kf3 Kc7 62.Nxc5 Bxc5 63.Kg2 Kc6 64.Rb1 Kd6 65.Ra1 Ke6 66.Rb1 
Kf5 67.Rc1 Be3 68.Rf1+ Kg4 69.Re1 Rd2+ 70.Kh1 Kf3 71.Rf1+ Bf2 72.Rb1 Rd4 
0-1

[Event "1st Asia-ch"]
[Site "Teheran IRI"]
[Date "1998.08.25"]
[Round "9"]
[White "Reilly, Tim"]
[Black "Ghane, Shojaat"]
[Result "1/2-1/2"]
[WhiteElo "2270"]
[BlackElo "2265"]
[EventDate "1998.08.14"]
[PlyCount "116"]

1.d4 d5 2.c4 e6 3.Nc3 Be7 4.cxd5 exd5 5.Bf4 Nf6 6.Qc2 O-O 7.e3 c5 8.dxc5 
Bxc5 9.Nf3 Nc6 10.Rd1 Qa5 11.Be2 Bb4 12.O-O Bxc3 13.bxc3 Ne4 14.Bd3 Bf5 
15.Rb1 h6 16.Rfe1 a6 17.Ne5 Rfe8 18.Nxf7 Kxf7 19.f3 b5 20.fxe4 Bxe4 21.
Bxe4 Rxe4 22.Rf1 Kg8 23.Rbd1 Rd8 24.Rxd5 Rde8 25.Rd6 Qb6 26.Qd3 Qc5 27.h4 
Qc4 28.Qd1 R8e6 29.Qh5 Qxa2 30.Bg3 Rxd6 31.Bxd6 Qe6 32.Qf3 Kh7 33.Ra1 a5 
34.Rd1 a4 35.Bc5 Qg4 36.Qxg4 Rxg4 37.Rd6 Ne5 38.Rb6 Nf3+ 39.Kf2 Nxh4 40.g3
Nf5 41.Rxb5 Nxg3 42.Bd4 Rg6 43.Ra5 h5 44.Rxa4 Rg5 45.Bb6 Nh1+ 46.Kf3 Rg3+ 
47.Ke2 Rg2+ 48.Kf3 Rf2+ 49.Ke4 g6 50.Bc7 Rf7 51.Bb8 g5 52.Ra7 Nf2+ 53.Ke5 
Rxa7 54.Bxa7 g4 55.e4 Nd3+ 56.Kf5 h4 57.Kxg4 Nf2+ 58.Kxh4 Nxe4 1/2-1/2

[Event "1st Asia-ch"]
[Site "Teheran IRI"]
[Date "1998.08.25"]
[Round "9"]
[White "Zagrebelny, Sergei"]
[Black "Al-Rakib, Abdullah"]
[Result "1-0"]
[WhiteElo "2480"]
[BlackElo "2350"]
[EventDate "1998.08.14"]
[PlyCount "83"]

1.e4 c6 2.d4 d5 3.Nd2 dxe4 4.Nxe4 Nd7 5.Ng5 e6 6.Bd3 Ngf6 7.N1f3 Bd6 8.Qe2
h6 9.Ne4 Nxe4 10.Qxe4 Qc7 11.Qg4 Kf8 12.Nd2 e5 13.Nc4 Nc5 14.Qg3 Nxd3+ 15.
cxd3 f6 16.O-O Be6 17.dxe5 Bxe5 18.Nxe5 Qxe5 19.Bf4 Qd5 20.Rfe1 Kf7 21.Re4
Bf5 22.Re3 Rhe8 23.Rae1 Qxd3 24.h3 Rxe3 25.Rxe3 Qd7 26.Bb8 a5 27.a4 Kg8 
28.Qf4 Bg6 29.g4 Kh7 30.Re1 c5 31.Kh2 Qd4 32.Kg3 Qxb2 33.Re7 c4 34.Qc7 f5 
35.Qe5 f4+ 36.Qxf4 Qa3+ 37.Re3 Qc1 38.Kh2 Qf1 39.Be5 Re8 40.h4 Re7 41.h5 
Bf7 42.Bxg7 1-0

[Event "1st Asia-ch"]
[Site "Teheran IRI"]
[Date "1998.08.26"]
[Round "10"]
[White "Azahari, Mohd Nor"]
[Black "Al-Rakib, Abdullah"]
[Result "1-0"]
[WhiteElo "2140"]
[BlackElo "2350"]
[EventDate "1998.08.14"]
[PlyCount "49"]

1.d4 d5 2.Nc3 c6 3.e4 dxe4 4.Bc4 Nf6 5.Bg5 Bf5 6.Bxf6 exf6 7.Nge2 Bb4 8.
Ng3 Bg6 9.O-O Bxc3 10.bxc3 O-O 11.h4 h6 12.Qg4 Kh8 13.h5 Bh7 14.Nf5 Bxf5 
15.Qxf5 b5 16.Bb3 a5 17.a4 b4 18.Qxe4 bxc3 19.Rfe1 Na6 20.Re3 f5 21.Qe5 
Qd7 22.Rg3 f6 23.Qxa5 Qxd4 24.Qxf5 Nc5 25.Rxg7 1-0

[Event "1st Asia-ch"]
[Site "Teheran IRI"]
[Date "1998.08.26"]
[Round "10"]
[White "Bagheri, Amir"]
[Black "Zagrebelny, Sergei"]
[Result "0-1"]
[WhiteElo "2405"]
[BlackElo "2480"]
[EventDate "1998.08.14"]
[PlyCount "66"]

1.d4 Nf6 2.Nf3 e6 3.Bg5 h6 4.Bxf6 Qxf6 5.e4 d6 6.Nc3 Bd7 7.Qd2 Nc6 8.Bb5 
a6 9.Bxc6 Bxc6 10.O-O Be7 11.d5 Bd7 12.Nd4 O-O 13.f4 e5 14.Nf5 Bd8 15.Rae1
exf4 16.Qxf4 Qg5 17.Qf3 Bf6 18.h4 Qg6 19.Ne2 Rae8 20.Nf4 Qh7 21.Nd3 Bxf5 
22.exf5 Bxh4 23.Re4 Bf6 24.Rfe1 Rxe4 25.Rxe4 h5 26.Rb4 Rb8 27.Qf2 h4 28.
Qa7 Rf8 29.Rf4 Qh5 30.Rf3 Re8 31.Qxb7 Bd4+ 32.Kh2 Re2 33.Qxc7 Qg4 0-1

[Event "1st Asia-ch"]
[Site "Teheran IRI"]
[Date "1998.08.26"]
[Round "10"]
[White "Barua, Dibyendu"]
[Black "Khamdamov, Sukhrob"]
[Result "1-0"]
[WhiteElo "2540"]
[BlackElo "2140"]
[EventDate "1998.08.14"]
[PlyCount "133"]

1.e4 d6 2.d4 g6 3.Be2 Bg7 4.Nc3 Nc6 5.Be3 e5 6.dxe5 dxe5 7.Qxd8+ Nxd8 8.
Nb5 Ne6 9.Nxa7 Bd7 10.Nb5 Nf6 11.f3 O-O 12.c3 Ra5 13.Na3 Rfa8 14.Bc4 b5 
15.Bb3 Bf8 16.Nc2 c5 17.a3 b4 18.Ne2 bxc3 19.bxc3 Rb8 20.Bc4 Ra4 21.Ba2 c4
22.Rb1 Rxb1+ 23.Bxb1 Bxa3 24.Nxa3 Rxa3 25.Kd2 Ba4 26.Rc1 Nd7 27.Bc2 Ra2 
28.Kd1 Ndc5 29.Bxc5 Nxc5 30.Bxa4 Rxa4 31.Rb1 Ra2 32.Ke1 Kg7 33.Kf2 Na4 34.
Rc1 f5 35.exf5 gxf5 36.f4 e4 37.Ke3 Kf6 38.h3 Nb6 39.Rd1 Ke7 40.g4 Rc2 41.
gxf5 Na4 42.Rd2 Rxd2 43.Kxd2 Kf6 44.Ke3 Kxf5 45.Ng3+ Ke6 46.Nxe4 h6 47.Kf3
Kf5 48.Ng3+ Kf6 49.Ne2 Kf5 50.Ke3 Kf6 51.Ke4 Nb2 52.h4 Nd1 53.Kd4 Nb2 54.
Ng3 Ke6 55.f5+ Kf6 56.Kd5 Ke7 57.Ne4 Kf7 58.h5 Ke7 59.f6+ Kf7 60.Ke5 Na4 
61.Kf5 Nb6 62.Nd6+ Kf8 63.Ke6 Na8 64.Nxc4 Nc7+ 65.Kf5 Nd5 66.Ne5 Nxc3 67.
Ke6 1-0

[Event "1st Asia-ch"]
[Site "Teheran IRI"]
[Date "1998.08.26"]
[Round "10"]
[White "Reilly, Tim"]
[Black "Mansour, Samir"]
[Result "0-1"]
[WhiteElo "2270"]
[BlackElo "2280"]
[EventDate "1998.08.14"]
[PlyCount "58"]

1.d4 Nf6 2.c4 e6 3.Nc3 Bb4 4.e3 O-O 5.Bd3 c5 6.a3 Bxc3+ 7.bxc3 d5 8.cxd5 
exd5 9.Ne2 Nc6 10.O-O Ne7 11.Ng3 Be6 12.f3 Rc8 13.Bb2 cxd4 14.cxd4 Nc6 15.
Qe2 Re8 16.Rad1 Na5 17.h3 Nc4 18.e4 Qb6 19.Ba1 Bd7 20.Qf2 Ba4 21.Rb1 Qc7 
22.Bxc4 Qxc4 23.e5 Nd7 24.Nf5 Qd3 25.Nd6 Rc2 26.Qh4 Rf8 27.Rxb7 Nb6 28.Qg4
Nc4 29.Nxf7 Qxf1+ 0-1

[Event "1st Asia-ch"]
[Site "Teheran IRI"]
[Date "1998.08.26"]
[Round "10"]
[White "Saltaev, Mikhail"]
[Black "Mallahi, Amir"]
[Result "1/2-1/2"]
[WhiteElo "2525"]
[BlackElo "2370"]
[EventDate "1998.08.14"]
[PlyCount "124"]

1.e4 c5 2.Nf3 Nc6 3.d4 cxd4 4.Nxd4 Nf6 5.Nc3 e5 6.Ndb5 d6 7.Bg5 a6 8.Na3 
b5 9.Nd5 Be7 10.Bxf6 Bxf6 11.c3 O-O 12.Nc2 Bg5 13.Be2 Be6 14.O-O g6 15.Bf3
f5 16.a4 bxa4 17.Rxa4 Kh8 18.Nce3 Bxe3 19.Nxe3 f4 20.Nc4 Bxc4 21.Rxc4 Ne7 
22.Ra4 g5 23.Qe2 a5 24.Rfa1 Rg8 25.Bg4 Ng6 26.b4 Qc7 27.Qd2 f3 28.Bxf3 g4 
29.Bd1 Nf4 30.Rxa5 Raf8 31.Ra7 Qc4 32.Bc2 Qe6 33.Kh1 g3 34.fxg3 Rxg3 35.
Ra8 Rxg2 36.Rxf8+ Kg7 37.Rxf4 Rxd2 38.Rg1+ Qg6 39.Rxg6+ hxg6 40.Rf1 Rxc2 
41.Rb1 Rxc3 42.b5 Rc7 43.b6 Rb7 44.Kg2 Kf6 45.Kf3 Ke6 46.Kg4 d5 47.Kf3 d4 
48.Rb5 Kd6 49.Ke2 Kc6 50.Rxe5 Kxb6 51.Kd3 Rh7 52.Kxd4 Rxh2 53.Rg5 Kc7 54.
Rxg6 Kd7 55.Kd5 Ra2 56.Rg7+ Ke8 57.e5 Ra5+ 58.Ke6 Ra6+ 59.Kf5 Rb6 60.Ra7 
Rc6 61.Ke4 Rh6 62.Kd5 Rg6 1/2-1/2

[Event "1st Asia-ch"]
[Site "Teheran IRI"]
[Date "1998.08.26"]
[Round "10"]
[White "Saravanan, Venkat"]
[Black "Djao Thien Hai"]
[Result "1/2-1/2"]
[WhiteElo "2390"]
[BlackElo "2580"]
[EventDate "1998.08.14"]
[PlyCount "38"]

1.e4 c5 2.Nc3 Nc6 3.g3 g6 4.Bg2 Bg7 5.d3 d6 6.f4 e5 7.Nf3 Nge7 8.O-O O-O 
9.Be3 Nd4 10.h3 Rb8 11.a4 a6 12.Qd2 b5 13.axb5 axb5 14.fxe5 dxe5 15.Bh6 b4
16.Nd1 Nxf3+ 17.Rxf3 Be6 18.Bxg7 Kxg7 19.Kh2 h6 1/2-1/2

[Event "1st Asia-ch"]
[Site "Teheran IRI"]
[Date "1998.08.27"]
[Round "11"]
[White "Al-Rakib, Abdullah"]
[Black "Ismail, Ahmad"]
[Result "0-1"]
[WhiteElo "2350"]
[BlackElo "2040"]
[EventDate "1998.08.14"]
[PlyCount "64"]

1.d4 d5 2.c4 e6 3.Nc3 Nf6 4.cxd5 exd5 5.Bg5 Be7 6.e3 O-O 7.Bd3 c6 8.Qc2 h6
9.Bh4 Re8 10.Nge2 b6 11.O-O Ba6 12.Bxa6 Nxa6 13.Qa4 Nb8 14.Bxf6 Bxf6 15.
Rac1 Qd6 16.Rfd1 Nd7 17.Ng3 b5 18.Qa6 Nb6 19.a4 b4 20.Nce2 Qc7 21.b3 Rac8 
22.Nf4 Red8 23.Nd3 Be7 24.Ne5 c5 25.dxc5 Qxe5 26.cxb6 Rxc1 27.Rxc1 axb6 
28.Qxb6 d4 29.exd4 Rxd4 30.Qc6 Bg5 31.Rc5 Rd1+ 32.Nf1 Qe2 0-1

[Event "1st Asia-ch"]
[Site "Teheran IRI"]
[Date "1998.08.27"]
[Round "11"]
[White "De Silva, Nirosh"]
[Black "Bagheri, Amir"]
[Result "0-1"]
[WhiteElo "2025"]
[BlackElo "2405"]
[EventDate "1998.08.14"]
[PlyCount "101"]

1.e4 c6 2.d4 d5 3.exd5 cxd5 4.c4 Nf6 5.Nc3 Nc6 6.Nf3 Bg4 7.cxd5 Nxd5 8.Qb3
Bxf3 9.gxf3 e6 10.Qxb7 Nxd4 11.Bb5+ Nxb5 12.Qc6+ Ke7 13.Qxb5 Qd7 14.Qe2 f6
15.Nxd5+ Qxd5 16.O-O Kf7 17.Rd1 Qb7 18.Qe4 Rb8 19.Qxb7+ Rxb7 20.Rb1 Be7 
21.Be3 Rc8 22.Rdc1 Rxc1+ 23.Bxc1 Bc5 24.Be3 Bxe3 25.fxe3 Kg6 26.Kf2 Kf5 
27.Ke2 e5 28.b4 Rc7 29.Kd3 Rd7+ 30.Kc4 e4 31.fxe4+ Kxe4 32.Rb3 h5 33.a4 
Rc7+ 34.Kb5 g5 35.Ka6 g4 36.b5 f5 37.a5 h4 38.b6 axb6 39.axb6 Rg7 40.b7 
Rxb7 41.Kxb7 g3 42.hxg3 hxg3 43.Kc6 g2 44.Rb1 Kxe3 45.Kd5 f4 46.Re1+ Kf2 
47.Rb1 f3 48.Ke4 Kg3 49.Rb3 g1=Q 50.Rxf3+ Kg2 51.Rd3 0-1

[Event "1st Asia-ch"]
[Site "Teheran IRI"]
[Date "1998.08.27"]
[Round "11"]
[White "Ghorbani, Mohsen"]
[Black "Reilly, Tim"]
[Result "1/2-1/2"]
[WhiteElo "2430"]
[BlackElo "2270"]
[EventDate "1998.08.14"]
[PlyCount "40"]

1.d4 d6 2.Nf3 g6 3.c4 f5 4.Nc3 Nf6 5.g3 Bg7 6.Bg2 O-O 7.O-O Nc6 8.d5 Na5 
9.Nd2 c5 10.Rb1 e5 11.a3 b6 12.b4 Nb7 13.Bb2 Bd7 14.e3 g5 15.Ne2 Qe7 16.
Re1 Rae8 17.f3 Kh8 18.Nc3 Qf7 19.Qc2 Nh5 20.Nf1 Rg8 1/2-1/2

[Event "1st Asia-ch"]
[Site "Teheran IRI"]
[Date "1998.08.27"]
[Round "11"]
[White "Kakageldiev, Amanmurad"]
[Black "Zagrebelny, Sergei"]
[Result "1-0"]
[WhiteElo "2475"]
[BlackElo "2480"]
[EventDate "1998.08.14"]
[PlyCount "67"]

1.c4 Nf6 2.Nc3 e6 3.e4 d5 4.e5 d4 5.exf6 dxc3 6.bxc3 Qxf6 7.d4 e5 8.Qe2 
Be7 9.dxe5 Qe6 10.g3 Qc6 11.Nf3 Nd7 12.Bg2 Nb6 13.O-O Qxc4 14.Qc2 Nd5 15.
Bd2 O-O 16.Nd4 Rd8 17.Be4 h6 18.Rfe1 c5 19.Nf5 Bxf5 20.Bxf5 Nb4 21.Qd1 Nd3
22.Re4 Qd5 23.c4 Qc6 24.e6 Bf6 25.exf7+ Kf8 26.Re6 Nb2 27.Qh5 Qc7 28.Bg6 
Nxc4 29.Rae1 Ne5 30.R1xe5 Bxe5 31.Qxe5 Qxe5 32.Rxe5 b6 33.Bf4 a5 34.Re6 
1-0

[Event "1st Asia-ch"]
[Site "Teheran IRI"]
[Date "1998.08.27"]
[Round "11"]
[White "Khamdamov, Sukhrob"]
[Black "Azahari, Mohd Nor"]
[Result "1-0"]
[WhiteElo "2140"]
[BlackElo "2140"]
[EventDate "1998.08.14"]
[PlyCount "125"]

1.d4 d5 2.c4 e6 3.Nc3 c6 4.Nf3 dxc4 5.a4 Bb4 6.e4 b5 7.Qc2 Bb7 8.b3 Qa5 9.
Bb2 Bxc3+ 10.Qxc3 Qxc3+ 11.Bxc3 Nf6 12.Nd2 cxb3 13.axb5 cxb5 14.Bxb5+ Bc6 
15.Bd3 Nbd7 16.f3 O-O 17.Nxb3 Rfb8 18.Na5 Bb5 19.Kd2 Bxd3 20.Kxd3 Rb5 21.
Rhb1 a6 22.Nc6 Rb6 23.Rxb6 Nxb6 24.Rb1 Nc8 25.g4 Kf8 26.Rb7 Ke8 27.Bb4 Nd7
28.f4 Ncb6 29.Ba5 Rc8 30.Na7 Ra8 31.f5 Nc8 32.fxe6 fxe6 33.Nc6 Nd6 34.Rb2 
Rc8 35.Rc2 Nb5 36.h3 Na3 37.Rc3 Nb5 38.Rc4 Na3 39.Rc1 Nb8 40.d5 Nxc6 41.
Rxc6 Rxc6 42.dxc6 Nb5 43.Kc4 Na7 44.Kc5 Nc8 45.Bc3 g6 46.Bf6 Kf7 47.Bg5 
Ke8 48.Bh4 h6 49.Bf6 Kf7 50.Bh4 Ke8 51.Bf6 Kf7 52.Bc3 Ke7 53.Bd2 h5 54.
Bg5+ Ke8 55.gxh5 gxh5 56.e5 Kf7 57.c7 Ke8 58.Kc6 a5 59.Bd2 a4 60.Bb4 Na7+ 
61.Kb7 Kd7 62.Kxa7 Kxc7 63.Bc3 1-0

[Event "1st Asia-ch"]
[Site "Teheran IRI"]
[Date "1998.08.27"]
[Round "11"]
[White "Mallahi, Amir"]
[Black "Mansour, Samir"]
[Result "1-0"]
[WhiteElo "2370"]
[BlackElo "2280"]
[EventDate "1998.08.14"]
[PlyCount "47"]

1.e4 e5 2.Nc3 Nf6 3.f4 d5 4.fxe5 Nxe4 5.Nf3 Be7 6.Qe2 Ng5 7.d4 O-O 8.Qf2 
Nxf3+ 9.Qxf3 Be6 10.Bd3 c5 11.dxc5 Bxc5 12.Bf4 Nc6 13.O-O-O Qa5 14.Nxd5 
Bxd5 15.Qxd5 Nb4 16.Qb3 Nxa2+ 17.Kb1 Nb4 18.Be4 Rad8 19.Bg5 Rxd1+ 20.Rxd1 
Qa6 21.c3 Nc6 22.e6 Be7 23.exf7+ Kh8 24.Bd3 1-0

[Event "1st Asia-ch"]
[Site "Teheran IRI"]
[Date "1998.08.27"]
[Round "11"]
[White "Saravanan, Venkat"]
[Black "Barua, Dibyendu"]
[Result "1/2-1/2"]
[WhiteElo "2390"]
[BlackElo "2540"]
[EventDate "1998.08.14"]
[PlyCount "20"]

1.e4 e5 2.Nf3 Nf6 3.Nxe5 d6 4.Nf3 Nxe4 5.Qe2 Qe7 6.d3 Nf6 7.Bg5 Qxe2+ 8.
Bxe2 Be7 9.Nbd2 c6 10.O-O O-O 1/2-1/2